| 000 | 00569nam a2200205 a 4500 | ||
|---|---|---|---|
| 008 | |||
| 020 | _a085292268X (pbk.) | ||
| 049 | _aMAIN | ||
| 090 | _aT60.8UNG | ||
| 100 | 1 | _aUngerson,Bernard | |
| 245 | 1 | 0 |
_aHow to write a job description/ _cBernard Ungerson |
| 260 |
_aGreat Britain : _bInstitute of Personnel Management, _c1983 |
||
| 300 |
_a64 p. ; _c21 cm. |
||
| 650 | 1 | _aWork Design. | |
| 907 |
_a.b10208240 _b11-08-06 _c31-07-06 |
||
| 003 | |||
| 005 | 20230123134229.0 | ||
| 040 | _cNUST | ||
| 942 |
_cBOOKS _kT60.8UNG |
||
| 999 |
_c162282 _d162282 |
||